000 00285nam a22001217a 4500
008 230704b xxu||||| |||| 00| 0 eng d
020 _a0491017634
082 _a355.3
_bTHO 1975
245 _aCompany Administation Made Simple
260 _c1975
300 _aXIV,306p
942 _2ddc
_cBK
999 _c3942
_d3942